Vybraná demografická specifika České republiky

Príčiny a dôsledky stárnutia českej populácie. Migračný proces a jeho dôsledky. Etnické zmeny zamerané na rómske etnikum.

Guardado en:
Detalles Bibliográficos
Autor principal: Hübelová, Dana
Otros Autores: Chalupa, Petr
Formato: Capítulo de libro
Lenguaje:checo
Materias:
Etiquetas: Agregar Etiqueta
Sin Etiquetas, Sea el primero en etiquetar este registro!

MARC

LEADER 00000nla a2200000 4500
001 0200282
005 20240417075057.3
041 0 |a cze 
044 |a SK 
245 1 0 |a Vybraná demografická specifika České republiky  |c Dana Hübelová, Petr Chalupa 
520 |a Príčiny a dôsledky stárnutia českej populácie. Migračný proces a jeho dôsledky. Etnické zmeny zamerané na rómske etnikum. 
610 2 0 |a Česko 
610 2 0 |a vývoj populačný 
610 2 0 |a demografia 
610 2 0 |a pohyb síl pracovných 
610 2 0 |a Rómovia 
610 2 0 |a starnutie populácie 
610 2 0 |a ukazovatele štatistické 
100 1 |a Hübelová, Dana 
700 1 |a Chalupa, Petr